000 00600nam a2200229Ia 4500
003 OSt
005 20221007071422.0
006 a|||||r|||| 00| 0
007 ta
008 221006b |||||||| |||| 00| 0 eng d
024 _a16,426
037 _cTextual
040 _aFLL
_cFLL
_beng
041 _2eng
_aeng
082 _aX9:97:(Z3), L3
100 _aHarvey R.J. Au.
_9688743
245 0 _aIndustrial relations
260 _aLondon
_bButterworths London
_c1973
300 _aT44p
_ccm.
942 _hX9:97:(Z3), L3
_cTEXL
_2CC
999 _c1143308
_d1143308